000
00248nam a22001097a 4500
999
_c
260965
_d
260964
020
_a
9780439895064
100
_a
Patricia Reilly Giff
245
_a
The Candy Corn Contest
260
_a
New York
_b
Scholastic
_c
1984
300
_a
76 pgs
942
_c
BK